wszystkie państwa pod panowaniem 3 rzeszy - Statystyki

Ogólne statystyki
  • Ten quiz został rozwiązany 944 razy
  • Średni wynik to 7 z 12
Statystyki odpowiedzi
0 Odpowiedź % Poprawnych
1 polska
99%
2 francja
90%
6 austria
76%
8 dania
75%
5 czechosłowacja
63%
10 włochy
62%
12 węgry
59%
9 jugosławia
52%
11 rumunia
52%
3 zsrr
45%
7 szwecja
36%
4 wielka brytania
34%
Nie znaleziono quizów pasujących do podanych kryteriów
Rozkład punktacji
Procent ludzi z każdym wynikiem
Percentyl według liczby udzielonych odpowiedzi
Twoja historia wyników
Nie rozwiązałeś tego quizu